Click the States by Their Old Sports Teams - Statistics

General Stats
  • This quiz has been taken 58 times
  • The average score is 8 of 10
Answers on the Map
Answers color-coded by a green-red scale on the quiz's map according to % correct below.
 
Answer Stats
Answer % Correct
Raiders
96%
Dodgers
92%
Rams
92%
Titans
90%
Jazz
84%
Lakers
82%
Thunder
82%
Mammoth
78%
Braves
65%
Hurricanes
59%
No matching quizzes found
Score Distribution
Percent of People with Each Score
Percentile by Number Answered
Your Score History
You have not taken this quiz